Catalogue des publications en langues latine, française, flamande et anglaise de B. Herder, libraire-éditeur à Fribourg... (Record no. 155272)

MARC details
000 -LEADER
campo de control de longitud fija 00750nam a22001935i 4500
001 - NÚMERO DE CONTROL
campo de control 155272
003 - IDENTIFICADOR DE NÚMERO DE CONTROL
campo de control ES-MaACL
005 - FECHA Y HORA DE LA ÚLTIMA TRANSACCIÓN
campo de control 20250903083731.0
008 - DATOS DE LONGITUD FIJA--INFORMACIÓN GENERAL
campo de control de longitud fija 040719s1884 gw a |||| | fre d
110 2# - ENTRADA PRINCIPAL--NOMBRE DE ENTIDAD CORPORATIVA
Nombre de entidad corporativa o nombre de jurisdicción como elemento de entrada Herder, B.
9 (RLIN) 134433
245 10 - MENCIÓN DEL TÍTULO
Título Catalogue des publications en langues latine, française, flamande et anglaise de B. Herder, libraire-éditeur à Fribourg...
260 ## - PUBLICACIÓN, DISTRIBUCIÓN, ETC.
Lugar de publicación, distribución, etc. Fribourg :
Nombre del editor, distribuidor, etc. B. Herder,
Fecha de publicación, distribución, etc. 1884.
300 ## - DESCRIPCIÓN FÍSICA
Extensión 23 p. :
Otras características físicas il. ;
Dimensiones 22 cm.
597 ## - NOTA DE DESCRIPCIÓN FÍSICA
NOTA DE DESCRIPCIÓN FÍSICA Texto enmarcado con il. intercaladas.
650 #7 - PUNTO DE ACCESO ADICIONAL DE MATERIA--TÉRMINO DE MATERIA
Término de materia o nombre geográfico como elemento de entrada Catálogos de libreros
Fuente del encabezamiento o término embne
9 (RLIN) 139327
650 #4 - PUNTO DE ACCESO ADICIONAL DE MATERIA--TÉRMINO DE MATERIA
Término de materia o nombre geográfico como elemento de entrada Libros-
Subdivisión de forma Catálogos comerciales.
9 (RLIN) 159004
852 4# - LOCALIZACIÓN
Ubicación ES-MaACL
Número de control de estantería T-432-F-9
Nota libre - Enc. hol., falto de cub. original
-- - Enc. en un vol. facticio
Holdings
Estatus retirado Estado de pérdida Estado de daño No para préstamo Colección Biblioteca de origen Biblioteca actual Ubicación en estantería Fecha de adquisición Total de préstamos Signatura topográfica completa Código de barras Visto por última vez Precio de reemplazo Tipo de ítem Koha
        Colección de folletos Biblioteca del Ateneo de Madrid Biblioteca del Ateneo de Madrid Depósito folletos 17/01/2008   T-432-F-9 1162423 23/02/2023 23/02/2023 Folleto